000 00279nam a22001217a 4500
008 190129b xxu||||| |||| 00| 0 eng d
041 _aeng
080 _25th
_a339.138
100 _a60
101 _aMKT
245 _aSkills for Consumer Success
_cDonnelly,M.Q
942 _2udc
_cBK
999 _c53868
_d53868